UBT Library

MANUAL DRIVETRAINS AND AXLES (Record no. 59755)

000 -LEADER
fixed length control field 00320nam a22001457a 4500
008 - FIXED-LENGTH DATA ELEMENTS--GENERAL INFORMATION
fixed length control field 230517b ||||| |||| 00| 0 eng d
020 ## - INTERNATIONAL STANDARD BOOK NUMBER
International Standard Book Number 9780131583078
041 ## - LANGUAGE CODE
Language code of text/sound track or separate title eng
080 ## - UNIVERSAL DECIMAL CLASSIFICATION NUMBER
Universal Decimal Classification number 621
082 ## - DEWEY DECIMAL CLASSIFICATION NUMBER
Classification number 621REH
100 ## - Rafti
Rafti 19
101 ## - Shkurtesa
Shkurtesa MEK
245 ## - TITLE STATEMENT
Title MANUAL DRIVETRAINS AND AXLES
Statement of responsibility, etc REHKOPF.J
942 ## - ADDED ENTRY ELEMENTS (KOHA)
Source of classification or shelving scheme
Item type Books
Holdings
Withdrawn status Lost status Source of classification or shelving scheme Damaged status Not for loan Collection code Permanent location Current location Date acquired Total Checkouts Full call number Barcode Date last seen Price effective from Koha item type
          Koleksioni i përgjithshem UBT - Lipjan UBT - Lipjan 05/17/2023   621REH 002-800080272 05/17/2023 05/17/2023 Books
UBT Library © 2015-2024. All rights reserved University Education for Business and Technology